| 000 | 00677nam a2200229 u 4500 | ||
|---|---|---|---|
| 005 | 20241012064139.0 | ||
| 008 | 190206s2008 ea 000 0 spa d | ||
| 020 | _a9780746093948 | ||
| 035 | _aUPN01000228851 | ||
| 049 | _aI | ||
| 050 | 4 |
_aS551.5 _bA7.3 |
|
| 100 | 1 |
_aAmery, Heather _942817 |
|
| 245 | 1 | 3 |
_aLa granja / _cHeather Amery ; il. Stephen Cartwright ; tr. Gemma Alonso de la Sierra. |
| 260 |
_aReino Unido : _bUsborne, _c2008. |
||
| 300 |
_a[10] p. : _bprincipalmente il. col. |
||
| 440 | 0 | _aVeo, veo | |
| 650 | 4 |
_aGranjas _vLiteratura infantil _99433 |
|
| 650 | 4 |
_aJuegos educativos _93952 |
|
| 905 | _aInfantil | ||
| 999 |
_c200946 _d200946 |
||